El Imperio Británico / (Record no. 59599)

MARC details
000 -LEADER
campo de control de longitud fija 00696nam a2200217 i 4500
001 - NÚMERO DE CONTROL
campo de control 59599
003 - IDENTIFICADOR DE NÚMERO DE CONTROL
campo de control ES-MaACL
005 - FECHA Y HORA DE LA ÚLTIMA TRANSACCIÓN
campo de control 20230906164050.0
007 - CAMPO FIJO DE DESCRIPCIÓN FÍSICA--INFORMACIÓN GENERAL
campo de control de longitud fija t|
008 - DATOS DE LONGITUD FIJA--INFORMACIÓN GENERAL
campo de control de longitud fija 031029s1948 sp ||||1| spa d
100 1# - ENTRADA PRINCIPAL--NOMBRE DE PERSONA
Nombre de persona Elton, Godfrey
Títulos y otros términos asociados al nombre Lord.
9 (RLIN) 47113
245 13 - MENCIÓN DEL TÍTULO
Título El Imperio Británico /
Mención de responsabilidad, etc. Godfrey Elton ; [traducción, prefacio, notas y mapas por E.P. de las Heras].
250 ## - MENCION DE EDICION
Mención de edición [1ª ed.].
260 ## - PUBLICACIÓN, DISTRIBUCIÓN, ETC.
Lugar de publicación, distribución, etc. Barcelona :
Nombre del editor, distribuidor, etc. Luis de Caralt,
Fecha de publicación, distribución, etc. 1948 (
Fabricante Agustín Núñez)
300 ## - DESCRIPCIÓN FÍSICA
Extensión 660 p. :
Otras características físicas il. ;
Dimensiones 21 cm.
490 1# - MENCIÓN DE SERIE
Mención de serie Cultura histórica
700 1# - ENTRADA AGREGADA--NOMBRE PERSONAL
Nombre de persona Heras, E. P. de las.
9 (RLIN) 62634
830 0# - PUNTO DE ACCESO ADICIONAL DE SERIE-TÍTULO UNIFORME
Título uniforme Cultura histórica
9 (RLIN) 182395
852 ## - LOCALIZACIÓN
Ubicación ES-MaACL
Número de control de estantería D-5429
Sublocalización o colección R.30701
Holdings
Estatus retirado Estado de pérdida Estado de daño No para préstamo Biblioteca de origen Biblioteca actual Ubicación en estantería Fecha de adquisición Fuente de adquisición Total de préstamos Signatura topográfica completa Código de barras Visto por última vez Precio de reemplazo Tipo de ítem Koha
        Biblioteca del Ateneo de Madrid Biblioteca del Ateneo de Madrid Sala Valle Inclán 17/01/2008     D-5429 901062512 23/02/2023 23/02/2023 Libro impreso